000 00470nam a2200181Ia 4500
008 230524s9999 xx 000 0 und d
020 _a8122414605
082 _bRAJ
100 _aN.Krishna Raju
245 0 _aReinforced Concrete Design : IS 456-2000 Principles and Practice
250 _a5
260 _aNew Delhi
_bCharotar
_c2015
300 _a"XVII,610p;"
500 _aQuantity Number: 1
650 _aCivil
700 _aR.N. Prenesh
_942850
942 _cBK
999 _c57822
_d57822